India's long-term growth experience : (Record no. 1022)

MARC details
000 -LEADER
fixed length control field 01245cam a2200253 a 4500
005 - DATE AND TIME OF LATEST TRANSACTION
control field 20260112063232.0
020 ## - INTERNATIONAL STANDARD BOOK NUMBER
International Standard Book Number 9780761936053 (hard back)
039 ## - LEVEL OF BIBLIOGRAPHIC CONTROL AND CODING DETAIL [OBSOLETE]
Level of rules in bibliographic description 200908030512
Level of effort used to assign nonsubject heading access points staff
Level of effort used to assign subject headings 200908030508
Level of effort used to assign classification staff
-- 200908030508
-- staff
050 ## - LIBRARY OF CONGRESS CALL NUMBER
Classification number 338.954
Item number AHM
082 ## - DEWEY DECIMAL CLASSIFICATION NUMBER
Classification number 338.954
Item number AHM
100 ## - MAIN ENTRY--PERSONAL NAME
Personal name Ahmed, Sadiq.
245 ## - TITLE STATEMENT
Title India's long-term growth experience :
Remainder of title lessons and prospects /
Statement of responsibility, etc. Sadiq Ahmed.
260 ## - PUBLICATION, DISTRIBUTION, ETC.
Place of publication, distribution, etc. Los Angeles ;
-- New Delhi :
Name of publisher, distributor, etc. SAGE Publications,
Date of publication, distribution, etc. c2007.
300 ## - PHYSICAL DESCRIPTION
Extent 102 p. :
Other physical details ill. (some col.) ;
Dimensions 23 cm.
504 ## - BIBLIOGRAPHY, ETC. NOTE
Bibliography, etc. note Includes bibliographical references (p. [91]-96) and index.
505 ## - FORMATTED CONTENTS NOTE
Formatted contents note India's emerging global significance : can growth accelerate further? -- Evolution of India's long-term growth -- Determinants of growth -- Policy framework for supporting growth -- Emerging constraints to sustained high growth.
650 ## - SUBJECT ADDED ENTRY--TOPICAL TERM
Topical term or geographic name entry element Structural adjustment (Economic policy)
Geographic subdivision India.
651 ## - SUBJECT ADDED ENTRY--GEOGRAPHIC NAME
Geographic name India
General subdivision Economic policy
Chronological subdivision 1980-
651 ## - SUBJECT ADDED ENTRY--GEOGRAPHIC NAME
Geographic name India
General subdivision Economic conditions
Chronological subdivision 1991-
856 ## - ELECTRONIC LOCATION AND ACCESS
-- able of contents only
Uniform Resource Identifier <a href=" http://www.loc.gov/catdir/toc/ecip079/2007003522.html"> http://www.loc.gov/catdir/toc/ecip079/2007003522.html</a>
991 ## -
-- VIRTUA40
991 ## -
-- VTLSSORT0080*0200*0500*0820*1000*2450*2600*3000*5040*5050*6500*6510*6511*8560*9991
909 ## -
-- 1036
Holdings
Withdrawn status Lost status Damaged status Not for loan Home library Current library Date acquired Total checkouts Full call number Barcode Copy number Koha item type
        Indian Institute Of Management, Shillong Indian Institute Of Management, Shillong 03/08/2009   338.954 AHM 0004979   Reference
        Indian Institute Of Management, Shillong Indian Institute Of Management, Shillong 12/08/2009   338.954 AHM 0006825 1 Book
Copyright © 2026 Indian Institute of Management Shillong. All Rights Reserved.